WRITING TOOLS 50 ESSENTIALS STRATEGIES F (Record no. 7605)

MARC details
000 -LEADER
fixed length control field 00344nam a2200133Ia 4500
008 - FIXED-LENGTH DATA ELEMENTS--GENERAL INFORMATION
fixed length control field 240624s9999 xx 000 0 und d
041 ## - LANGUAGE CODE
Language code of text/sound track or separate title eng
082 ## - DEWEY DECIMAL CLASSIFICATION NUMBER
Classification number 808.042 CLA
100 ## - MAIN ENTRY--PERSONAL NAME
Personal name CLARK ROY PETER
245 ## - TITLE STATEMENT
Title WRITING TOOLS 50 ESSENTIALS STRATEGIES F
260 ## - PUBLICATION, DISTRIBUTION, ETC.
Date of publication, distribution, etc. 2006
Place of publication, distribution, etc. New York
Name of publisher, distributor, etc. Little
300 ## - PHYSICAL DESCRIPTION
Extent ix, : 260 : p. : cm ; 22
365 ## - TRADE PRICE
Currency code
Price amount 35
Holdings
Withdrawn status Lost status Damaged status Not for loan Home library Current library Shelving location Date acquired Source of acquisition Cost, normal purchase price Full call number Barcode Date last seen Copy number Price effective from Koha item type
        IMTN IMTN Rack 38-A 11/30/2007 BU 20.99 808.042 CLA 7605 06/24/2024 39.35 06/24/2024 Books
Designed & Maintained by: LRC IMT Nagpur Contact: lrc@imtnag.ac.in© 2024. All Rights Reserved.